| 000 | 00450cam a2200169ua 4500 | ||
|---|---|---|---|
| 003 | OSt | ||
| 008 | 250505b |||||||| |||| 00| 0 eng d | ||
| 020 | _a0 07 001653 4 | ||
| 041 | _aeng | ||
| 082 |
_a624.1517 _bAND/IN |
||
| 100 |
_aAnderson, James M . _97449 |
||
| 245 | _aIntroduction to surveying-1 / | ||
| 260 |
_aNew York : _bMcGraw Hill Book Company , _c1985. |
||
| 300 | _a703 ; . | ||
| 700 | 1 |
_aMikhail, Edward M . _97450 |
|
| 942 | _cBK | ||
| 999 |
_c10404 _d10404 |
||